000 00737nam a2200205Ia 4500
005 20241216010759.0
008 181213s9999||||xx |||||||||||||| ||und||
082 _a612.6
_bB19
100 _aBAMBAREN GASTELOMENDI LUIS
245 0 _aORIENTACIONES PARA LA EDUCACION SEXUAL
_bTEXTO BASE
250 _a1
260 _aPERU
_bCONFERENCIA EPISCOPAL PERUANA
_c1996
300 _a182 pag
_c21 cm
341 _h0
490 _v0
_a0
505 _aEDUCACION DE LA SEXUALIDAD, CONCEPCION CRISTIANA DEL AMOR, FAMILIA, PATERNIDAD RESPONSABLE, DESARROLLO PSICOAFECTIVO, EDUCACION EN VALORES, ORIENTACIONES CONCRETAS DEL MAGISTERIO DE LA IGLESIA SOBRE TEMAS ESPECIFICOS.
541 _d26-Sep-16
650 _aCIENCIAS APLICADAS
942 _cLIBRO
999 _c23831
_d23831